000 00649nam a2200217 a 4500
001 63419
003 BD-RjUL
005 20211209081209.0
008 170130s1975 ii ||||| |||| 00| 0 eng d
035 _a(BD-RjUL)63548
040 _aBD-RjUL
_beng
_cBD-RjUL
041 _aeng
082 _223
_a327.540549
_bNAD 1975
100 _a Nayar, Kuldip
_9188682
245 _aDistant neighbours :
_ba tale of the subcontinent /
_c Kuldip Nayar
250 _a2nd. B.B. ed.
260 _aNew Delhi :
_b Vikas Pub. House,
_c1975.
300 _avi, 192 p. ;
_c17 cm.
650 _a Foreign relations
_zIndia
_z Pakistan.
_9188683
942 _2ddc
_cBK
999 _c63419
_d63419